Sam Smith ft. Kim Petras - Unholy [lyrics] - Statistics

General Stats
  • This quiz has been taken 24 times
  • The average score is 70 of 122
Answer Stats
Hint Answer % Correct
2 a
100%
1 do
100%
6 don't
100%
2 so
100%
11 the
100%
5 unholy
100%
7 at
96%
2 doin'
96%
4 get
96%
5 getting
96%
4 I
96%
1 somethin'
96%
3 daddy
92%
3 doing
92%
11 he
92%
5 hot
92%
8 know
92%
6 she
92%
4 something
92%
12 you
92%
7 me
88%
5 shop
88%
5 body
83%
11 it
83%
2 when
83%
4 and
79%
2 boy
79%
5 daddy's
79%
2 like
79%
12 oh
79%
1 (oh)
79%
4 that
79%
3 to
79%
1 your
79%
3 be
75%
2 if
75%
1 is
75%
2 ever
71%
2 got
71%
2 she's
71%
1 drop
67%
1 girl
67%
2 want
67%
1 all
63%
1 knew
63%
10 lucky
63%
2 on
63%
1 out
63%
2 popping
63%
2 dirty
58%
2 down
58%
2 he's
58%
2 his
58%
1 keep
58%
1 married
58%
5 mummy
58%
1 she'd
58%
2 slowly
58%
6 yeah
58%
1 (yeah)
58%
2 baby
54%
2 'bout
54%
1 business
54%
3 can
54%
2 dropping
54%
2 how
54%
1 in
54%
1 kick
54%
3 back
50%
1 been
50%
2 'cause
50%
1 cause
50%
1 clean
50%
2 put
50%
2 up
50%
2 while
50%
1 you've
50%
1 everyone
46%
1 hear
46%
1 I'll
46%
1 just
46%
2 kids
46%
2 left
46%
1 never
46%
1 Rihanna
46%
1 talking
46%
2 give
42%
1 I'm
42%
1 love
42%
2 need
42%
1 no
42%
2 sat
42%
1 scene
42%
1 tell
42%
1 under
42%
1 Balenciaga
38%
1 covers
38%
1 my
38%
1 places
38%
1 Prada
38%
1 them
38%
1 add'y
33%
1 covered
33%
1 jump
33%
1 a.m.
29%
2 Miu
29%
1 always
25%
1 drama
25%
1 whispering
21%
1 gon'
21%
1 call
17%
1 Fendi
17%
1 Rodeo
17%
1 watch
17%
1 bag
13%
8 ee
13%
1 gone
13%
1 mmh
13%
1 spending
13%
1 (ah)
8%
2 (woo)
4%
1 (yuh)
4%
No matching quizzes found
Score Distribution
Percent of People with Each Score
Percentile by Number Answered
Your Score History
You have not taken this quiz